000 00777na a2200241 4500
001 18669
003 MIRAKIL
005 20181213155042.0
008 161124b tu 000 0
020 _a9786055984489
040 _aMilas
_btur
_cTR-AnCHP
041 _atur
082 _a337.142
_bA1 2012
090 _a337.142 A1 2012
245 _a AB ve Türkiye'de güncel konular ve gelişmelere dair değerlendirmeler
_b2010-2011
_cYayına hazırlayan Damla Cihangir
260 _aİstanbul
_bİKV
_c2012
300 _a312 s.
_btbl.; grf.
_c24 sm.
490 _aİktisadi Kalkınma Vakfı Yayınları,
_v255
650 _aAvrupa Birliği
_xÜyelik
_yDeğerlendirmeler
651 _aTürkiye
_xUluslararası ilişkiler
_yAB
700 _aCihangir, Damla
942 _2dcc
_cBKS
999 _c5633
_d5633